000 01431cam a2200397 a 4500
003 OCoLC
005 20241220115649.0
008 060707s2006 nyu 000 1 eng
001 ocm70291934
010 _a 2006020982
020 _a044657967X
024 3 _a9780446579674
029 0 _aIG#
_b044657967X
035 _a(Sirsi) i9780446579674
040 _aDLC
_cDLC
_dIG#
_dBAKER
_dEPL
_dUINTA
049 _aUCLB
050 0 0 _aPS3554.E472
_bW55 2006
082 0 0 _a813/.54
_222
092 _aDEMILLE
100 1 _aDeMille, Nelson.
_94700
245 1 0 _aWild fire :
_ba novel /
_cNelson DeMille.
250 _a1st ed.
260 _aNew York :
_bWarner Books,
_c2006.
300 _a519 p. ;
_c24 cm.
520 _a"Detective John Corey of The lion's game, Plum Island, and Night fall returns in a new novel about a conspiracy to detonate nuclear bombs in two American cities, setting off a world war of unimaginable proportions"--Provided by the publisher.
650 0 _aCorey, John (Fictitious character)
_vFiction.
_96377385
650 0 _aEx-police officers
_vFiction.
_95674708
650 0 _aNuclear terrorism
_vFiction.
_95732762
650 0 _aTerrorism
_xPrevention
_vFiction.
_95674888
655 0 _aSuspense fiction.
_96164620
938 _aIngram
_bINGR
_n044657967X
938 _aBaker & Taylor
_bBKTY
_c26.99
_d20.24
_i044657967X
_n0006780704
_sactive
942 _cBOOK
_076
994 _aC0
_bUINTA
998 _aa95323
999 _c42010
_d42010